An economic survey of the Northern Lake States Region / (Record no. 12200)

MARC details
000 -LEADER
fixed length control field 01005cam a22003011a 4500
001 - CONTROL NUMBER
control field agr67000157
003 - CONTROL NUMBER IDENTIFIER
control field DLC
005 - DATE AND TIME OF LATEST TRANSACTION
control field 20260227111026.0
008 - FIXED-LENGTH DATA ELEMENTS--GENERAL INFORMATION
fixed length control field 760503s1967 dcuabd b f000 0 eng
010 ## - LIBRARY OF CONGRESS CONTROL NUMBER
LC control number agr67000157
035 ## - SYSTEM CONTROL NUMBER
System control number (OCoLC)2153063
040 ## - CATALOGING SOURCE
Original cataloging agency DLC
Transcribing agency MiAdC
Modifying agency MiAdC
-- DNAL
-- OCoLC
-- DLC
042 ## - AUTHENTICATION CODE
Authentication code premarc
043 ## - GEOGRAPHIC AREA CODE
Geographic area code n-usc--
050 00 - LIBRARY OF CONGRESS CALL NUMBER
Classification number HD1751
Item number .A91854 no. 108
070 0# - NATIONAL AGRICULTURAL LIBRARY CALL NUMBER
Classification number A281.9
Item number Ag8A no.108
072 0# - SUBJECT CATEGORY CODE
Subject category code E100
082 ## - DEWEY DECIMAL CLASSIFICATION NUMBER
Classification number 330.977
100 1# - MAIN ENTRY--PERSONAL NAME
Personal name Loomis, Ralph A.
Fuller form of name (Ralph Arthur),
Dates associated with a name 1922-
245 13 - TITLE STATEMENT
Title An economic survey of the Northern Lake States Region /
Statement of responsibility, etc. [by R.A. Loomis and M.E. Wirth].
260 ## - PUBLICATION, DISTRIBUTION, ETC.
Place of publication, distribution, etc. Washington, D.C. :
Name of publisher, distributor, etc. Economic Research Service, U.S. Dept. of Agriculture,
Date of publication, distribution, etc. 1967.
300 ## - PHYSICAL DESCRIPTION
Extent xiv, 132 p. :
Other physical details ill., charts, maps ;
Dimensions 26 cm.
440 #0 - SERIES STATEMENT/ADDED ENTRY--TITLE
Title Agricultural economic report ;
Volume/sequential designation no. 108
500 ## - GENERAL NOTE
General note Cover title.
504 ## - BIBLIOGRAPHY, ETC. NOTE
Bibliography, etc. note Bibliography: p. 115-122.
651 #0 - SUBJECT ADDED ENTRY--GEOGRAPHIC NAME
Geographic name Lake States
General subdivision Economic conditions.
700 1# - ADDED ENTRY--PERSONAL NAME
Personal name Wirth, M. E.
Fuller form of name (Myron E.),
Dates associated with a name 1928-

No items available.

Powered by Koha